Banikanta kakati jivan aru pratibha (Record no. 2770)

MARC details
000 -LEADER
fixed length control field 00498cam a2200181ua 4500
008 - FIXED-LENGTH DATA ELEMENTS--GENERAL INFORMATION
fixed length control field 110916n ii |||gr||||Z||||||asm
040 ## - CATALOGING SOURCE
Transcribing agency MAIN
082 ## - DEWEY DECIMAL CLASSIFICATION NUMBER
Classification number 920
100 1# - MAIN ENTRY--PERSONAL NAME
Personal name Choudhury, Chitta Ranjan,
Relator term
245 11 - TITLE STATEMENT
Title Banikanta kakati jivan aru pratibha
Statement of responsibility, etc. by Chitta Ranjan Choudhury
250 ## - EDITION STATEMENT
Edition statement 1st.
260 ## - PUBLICATION, DISTRIBUTION, ETC.
Place of publication, distribution, etc. Guahati:
Name of publisher, distributor, etc. Bina Library,994.
300 ## - PHYSICAL DESCRIPTION
Extent 175p:
Dimensions 23cm.
942 ## - ADDED ENTRY ELEMENTS (KOHA)
Koha item type Books
653 ## - INDEX TERM--UNCONTROLLED
Uncontrolled term Biograpgy
653 ## - INDEX TERM--UNCONTROLLED
Uncontrolled term Biography of Banikanta kakati jivan aru pratibha
Holdings
Withdrawn status Lost status Damaged status Not for loan Home library Current library Shelving location Date acquired Total Checkouts Full call number Barcode Date last seen Copy number Price effective from Koha item type
        Central Library, Naharkatiya College Central Library, Naharkatiya College General Stacks 19/09/2020   920 | CHO 8648 19/09/2020 1 19/09/2020 Books

Naharkatiya College © 2020. All rights reserved.

Powered By